Timo Sarpaneva (Record no. 931)

MARC details
000 -CABECERA
campo de control de longitud fija 00994nam a2200241 a 4500
001 - NÚMERO DE CONTROL
campo de control BRCA_1052
005 - FECHA Y HORA DE LA ÚLTIMA TRANSACCIÓN
campo de control 20190320203247.0
008 - DATOS DE LONGITUD FIJA--INFORMACIÓN GENERAL
campo de control de longitud fija 110408s2006----mx-o---###---#000-0#spa-#
020 ## - NÚMERO INTERNACIONAL ESTÁNDAR DEL LIBRO
Número Internacional Estándar del Libro 9529878486
050 #4 - SIGNATURA TOPOGRÁFICA DE LA BIBLIOTECA DEL CONGRESO
Número de clasificación NK5198.S2
Número de documento/Ítem .T56 2006
245 10 - MENCIÓN DE TÍTULO
Título Timo Sarpaneva
Resto del título The Collection = la colección.
260 ## - PUBLICACIÓN, DISTRIBUCIÓN, ETC.
Lugar de publicación, distribución, etc. México
Nombre del editor, distribuidor, etc. Design Museo
Fecha de publicación, distribución, etc. 2006
300 ## - DESCRIPCIÓN FÍSICA
Extensión 118 p.
Otras características físicas il. (algunas a color), fotografías
Dimensiones 26 cm.
Material acompañante/anejo 1 hoja suelta
500 ## - NOTA GENERAL
Nota general Catálogo de la exposición realizada en el Museo Franz Mayer (Ciudad de México), 6 junio - 16 septiembre, 2006
500 ## - NOTA GENERAL
Nota general Incluye índice onomástico y glosario
504 ## - NOTA DE BIBLIOGRAFÍA, ETC.
Nota de bibliografía, etc. Bibliografía: p. 113
546 ## - NOTA DE LENGUA/LENGUAJE
Nota de lengua/lenguaje Texto en : inglés y español
600 14 - PUNTO DE ACCESO ADICIONAL DE MATERIA--NOMBRE DE PERSONA
Nombre de persona Sarpaneva, Timo
Fechas asociadas al nombre 1926-
Subdivisión de forma Catálogos
Subdivisión general Producción artística
9 (RLIN) 3034
610 24 - PUNTO DE ACCESO ADICIONAL DE MATERIA--NOMBRE DE ENTIDAD CORPORATIVA
Nombre de entidad corporativa o nombre de jurisdicción como elemento de entrada Design Museo (Helsinki, Finlandia)
Subdivisión de forma Catálogos
Subdivisión general Colecciones de diseño
9 (RLIN) 3469
650 14 - PUNTO DE ACCESO ADICIONAL DE MATERIA--TÉRMINO DE MATERIA
Término de materia o nombre geográfico como elemento de entrada Diseñadores industriales
Subdivisión cronológica Siglo XX
Subdivisión geográfica Finlandia
9 (RLIN) 3036
650 14 - PUNTO DE ACCESO ADICIONAL DE MATERIA--TÉRMINO DE MATERIA
Término de materia o nombre geográfico como elemento de entrada Vidrio
Subdivisión cronológica Siglo XX
Subdivisión geográfica Finlandia
9 (RLIN) 3470
942 ## - ELEMENTOS DE PUNTO DE ACCESO ADICIONAL (KOHA)
Fuente del sistema de clasificación o colocación Library of Congress Classification
Tipo de ítem Koha Libros
Holdings
Estado de retiro Estado de pérdida Estado dañado No para préstamo Localización permanente Ubicación/localización actual Fecha de adquisición Total de préstamos Signatura topográfica completa Código de barras Fecha visto por última vez Precio válido a partir de Tipo de ítem Koha
El ejemplar forma parte de la colección y puede ser consultado según las políticas vigentes.       Biblioteca del Museo Franz Mayer (Rogerio Casas-Alatriste) Biblioteca del Museo Franz Mayer (Rogerio Casas-Alatriste) 26/06/2008   NK5198.S2 .T56 2006 01539 22/03/2019 22/03/2019 Libros